000 00732nam a2200217 i 4500
001 142744
003 ES-MaACL
005 20251003195030.0
007 t|
008 071009s1968 sp af |||| | mul d
245 0 1 _a[Artesanía] /
_ctexto, Francesc Vicens ; fotos, Joaquin Gomis ; selección y secuencia, J. Prats Vallés.
260 _aBarcelona :
_bPolígrafa,
_c[1968]
300 _a55 p., 4 h. pleg., lám. ;
_c21 cm.
546 _aTexto en español, francés, inglés y alemán.
650 1 4 _aArtesanía-
_zEspaña.
_910346
700 1 _aVicens, Francesc.
_9114313
700 1 _aGomis, Joaquim,
_d1902-1991
_9151272
700 1 _aPrats Vallès, Joan.
_993709
852 _aES-MaACL
_jC-35030
999 _c142744
_d142744